000 00565nam a2200229Ia 4500
003 OSt
005 20220926043404.0
006 a|||||r|||| 00| 0
007 ta
008 220923b |||||||| |||| 00| 0 eng d
037 _cGeneral Book
040 _aRTL
_cRTL
_beng
041 _2eng
_aeng
082 _aB6, K4
100 _aAbbott P
_9280573
245 0 _aTeach yourself geometry
260 _c1964
490 _aTeach Yourself Books, 1964
650 _aGeometry
_9180965
942 _hB6, K4
_cGB
_2CC
999 _c672141
_d672141